Iskusstvennyj intellekt

Saved in:
Bibliographic Details
Main Author: Andrew, A.M
Format: Book
Language:Russian
Published: Moskva Mir 1985
Tags: Add Tag
No Tags, Be the first to tag this record!

MARC

LEADER 00000nam a2200000 4500
001 c110435
005 20250523094328.2
041 0 |a rus 
044 |a RU 
245 1 0 |a Iskusstvennyj intellekt  |c A.M. Andrew 
264 1 |a Moskva  |b Mir  |c 1985 
300 |a 264 s. 
100 1 |a Andrew, A.M.